Multiple Choice City Quiz – Piraeus - Statistics

General Stats
  • This quiz has been taken 79 times
  • The average score is 5 of 10
Answer Stats
Question Answer % Correct
What major city is Piraeus next to? Athens
96%
Which ancient Greek god was worshipped at the sanctuary in Piraeus? Poseidon
76%
Which ancient structure was built to protect the port of Piraeus? Long Walls
75%
Which of these areas is not in Piraeus? Plaka
58%
Which legendary Greek general died near Piraeus? Georgios Karaiskakis
49%
Which of these football clubs is from Piraeus? Ethnikos
43%
What is the main square of Piraeus? Korai Square
40%
How many metro lines pass through Piraeus? 2
35%
Which famous Greek hero is believed to have set sail from the port of Piraeus in mythology? Theseus
32%
What is the name of Piraeus large indoor stadium? Peace and Friendship Stadium
26%
No matching quizzes found
Score Distribution
Percent of People with Each Score
Percentile by Number Answered
Your Score History
You have not taken this quiz